แสดงรายละเอียดบรรณานุกรม
  กลับหน้าหลัก

Brief Record : Get Marc (ISO 2709) : E-mail record : QR code ปิดหน้าต่าง
E-books : เกี่ยวกับ Collections
LEADER 00000nam 2200000uu 4500
001    212738
003     ULIBM
008    020711s2563 th a 000 0 tha d
020    9786161142179
041    ^atha
050  4 LB1027 ว585ถ 2563
110    วิทยาลัยพยาบาลบรมราชชนนี ขอนแก่น
245    ถอดบทเรียนการแลกเปลี่ยนเรียนรู้การจัดการเรียนการสอนเพื่อส่งเสริมสมรรถนะการบริการสุขภาพด้วยหัวใจความเป็นมนุษย์/^cวิทยาลัยพยาบาลบรมราชชนนี ขอนแก่น
250    พิมพ์ครั้งที่ 1
260    ขอนแก่น :^bวิทยาลัยพยาบาลบรมราชชนนี ขอนแก่น,^c2563
300    168 หน้า :^bภาพประกอบ ;^c20 ซม.
650  4 การพยาบาล
650  4 ^aพยาบาล^xสมรรถนะ
650  4 ^aบริการสุขภาพด้วยหัวใจความเป็นมนุษย์
710 2  ^aสถาบันพระบรมราชชนก
999    ^aใช้งานได้ทุกระบบ
รายการนี้ยังไม่มีแท็ก
คุณยังไม่ได้ล็อกอิน คุณสามารถมีกิจกรรมร่วมกับเว็บไซต์ได้ แต่ต้องล็อกอินก่อน ::
  ล็อกอิน
ลำดับที่ ประเภท เลขเรียก สถานที่ สถานะ
1. หนังสือทั่วไป
หนังสือทั่วไป
LB1027 ว585ถ 2563 ฉ.1 
  
หนังสือทั่วไป On Shelf
  ขอยืม
2. หนังสือทั่วไป
หนังสือทั่วไป
LB1027 ว585ถ 2563 ฉ.2 
  
หนังสือทั่วไป On Shelf
  ขอยืม
3. หนังสือทั่วไป
หนังสือทั่วไป
LB1027 ว585ถ 2563 ฉ.3 
  
หนังสือทั่วไป On Shelf
  ขอยืม
4. หนังสือทั่วไป
หนังสือทั่วไป
LB1027 ว585ถ 2563 ฉ.4 
  
หนังสือทั่วไป On Shelf
  ขอยืม
5. หนังสือทั่วไป
หนังสือทั่วไป
LB1027 ว585ถ 2563 ฉ.5 
  
หนังสือทั่วไป On Shelf
  ขอยืม
6. หนังสือทั่วไป
หนังสือทั่วไป
LB1027 ว585ถ 2563 ฉ.6 
  
หนังสือทั่วไป On Shelf
  ขอยืม
7. หนังสือทั่วไป
หนังสือทั่วไป
LB1027 ว585ถ 2563 ฉ.7 
  
หนังสือทั่วไป On Shelf
  ขอยืม
8. หนังสือทั่วไป
หนังสือทั่วไป
LB1027 ว585ถ 2563 ฉ.8 
  
หนังสือทั่วไป On Shelf
  ขอยืม
9. หนังสือทั่วไป
หนังสือทั่วไป
LB1027 ว585ถ 2563 ฉ.9 
  
หนังสือทั่วไป On Shelf
  ขอยืม
   [แสดง 9/9 รายการ]

รายการใกล้เคียง
    หัวเรื่อง [การพยาบาล]
    หัวเรื่อง [พยาบาล สมรรถนะ]

BibComment


ยังไม่เคยถูกคอมเมนท์

คอมเมนท์ทรัพยากรรายการนี้
  คอมเมนท์: ถอดบทเรียนการแลกเ..
Bib 212738

 
 
 

 Union Library Management : ULibM
Copyright 2026. All Rights Reserved.
скачать бесплатно без регистрации порно красивый секс HD Sex Hindi sex

xxx gou

xxxx

bfxxx

xxxwww

Секса Видео

xxxx

Секса Видео

detube

geilexxx

C99 Shell

worms shell

blod xxx video
Ebony Coed Rihanna Rimes Takes A Dick In Her Young Twat priyaa indian fuck anal and pusssy hardcore indian women xxx desi hardcore fucking part 1 bengalixxxcouple